Facultad de Derecho – Universidad Nacional de Mar del Plata

Los Abogados el Estado de Derecho y los Derechos Humanos (Record no. 4181)

MARC details
000 -CABECERA
campo de control de longitud fija 00503nam a22001817a 4500
080 ## - NUMERO DE CLASIFICACION DECIMAL UNIVERSAL (CDU)
Número de la Clasificación Decimal Universal 342.72/73 Ab 75
245 ## - MENCION DE TITULO
Título propiamente dicho Los Abogados el Estado de Derecho y los Derechos Humanos
260 ## - PUBLICACION, DISTRIBUCION, ETC. (PIE DE IMPRENTA)
Lugar de publicación, distribución, etc. La Plata
Nombre del editor, distribuidor, etc. Federacion Argentina del Colegio de Abogados
Fecha de publicación, distribución, etc. 2006
300 ## - DESCRIPCION FISICA
Extensión 169 P.
650 ## - ASIENTO SECUNDARIO DE MATERIA - TERMINO TEMATICO
Subdivisión general derechos humanos
650 ## - ASIENTO SECUNDARIO DE MATERIA - TERMINO TEMATICO
Subdivisión general estado de derecho
650 ## - ASIENTO SECUNDARIO DE MATERIA - TERMINO TEMATICO
Subdivisión general estado de sitio
650 ## - ASIENTO SECUNDARIO DE MATERIA - TERMINO TEMATICO
Subdivisión general abogados
650 ## - ASIENTO SECUNDARIO DE MATERIA - TERMINO TEMATICO
Subdivisión general desaparecidos
650 ## - ASIENTO SECUNDARIO DE MATERIA - TERMINO TEMATICO
Subdivisión general terrorismo de estado
942 ## - ELEMENTOS AGREGADOS (KOHA)
Clasificación normalizada de Koha para alfabetizar _
945 ## - INFORMACION DE PROCESAMIENTO LOCAL
Responsable de carga/modificación Celeste Delía
AAAA-MM-DD - Fecha de ingreso/modificación 2015-10-08
Holdings
Retirado Perdido Fuente de clasificación Dañado No se presta Ubicación permanente Locación actual Estante o sala Fecha de adquisición Total préstamos Signatura topográfica Inventario Ultima fecha vista Fecha del precio Tipo de item de Koha
          Bib. Derecho Bib. Derecho Sala de Lectura 08/10/2015   342.72/73 Ab 75 203222 08/10/2015 08/10/2015 LIBRO (Consulta)

XHTML | CSS | ©Biblioteca Central - Dto. Tecnología de la Información - [ Con tecnología Koha ]